| 000 | 00735nam a2200217Ia 4500 | ||
|---|---|---|---|
| 003 | GCL | ||
| 008 | 140319s9999 xx 000 0 ara d | ||
| 020 | _a9089007977 | ||
| 040 |
_aGCL / _cGCL |
||
| 082 | 0 | 4 |
_a615.82 _bم ع |
| 100 | 1 | _aمحمود قناوى | |
| 245 | 1 | 0 |
_aالعلاج الطبيعى لآلام الظهر والرقبة والركبة / _cمحمود قناوى |
| 260 |
_aالقاهرة : _bدار الهلال للطباعة والنشر ، _c2003 |
||
| 300 |
_a142 ص ؛ _c18 سم |
||
| 490 |
_aكتاب الهلال الطبى _v37 |
||
| 650 | 0 | 4 | _aالتدليك |
| 650 | 0 | 4 | _aالاستخدام العلاجى |
| 650 | 0 | 4 | _aالسمنة |
| 650 | 0 | 4 | _aالعلاج بالاسترخاء |
| 942 |
_2ddc _cBK |
||
| 999 |
_c44896 _d44896 |
||